000 00916nam a2200217 i 4500
001 153977
003 ES-MaACL
005 20251217063020.0
008 020508s1860 sp |||| | spa d
040 _aEXT
_bspa
_cEXT
100 1 _aEstrada, Diego,
_cDuque de
_9126977
245 1 0 _aComentarios del desengañado, ó sea
_b: vida de D. Diego Duque de Estrada /
_cescrita por él mismo ; colección de documentos, opusculos ... que publica la Real Academia de la Historia.
260 _aMadrid :
_bReal Academia de la Historia,
_c1860 (
_fImprenta Nacional)
300 _aXVIII, 532 p. ;
_c23 cm.
490 1 _aMemorial histórico español ;
_v12
594 _aTítulo y autor tomado de la portadilla.
600 1 7 _aEstrada, Diego,
_cDuque de-
_vBiografías
_2
_9126978
830 0 0 _aMemorial histórico español
_v12
_9187759
852 _aES-MaACL
_jC-19317
_z-- Enc. hol.
999 _c153977
_d153977